Metodologi pendidikan : Ekonomi dan sains sosial
| Main Author: | |
|---|---|
| Other Authors: | |
| Format: | Book |
| Published: |
Singapore :
Thomson Asia Pte Ltd ,
2004
|
| Subjects: |
MARC
| LEADER | 00000cam a2200000 7i4500 | ||
|---|---|---|---|
| 001 | 0000015079 | ||
| 005 | 20050701.0 | ||
| 020 | |a 9812437479 | ||
| 040 | |a INS | ||
| 090 | 0 | 0 | |a HB131. |b A94 2004 |
| 100 | 1 | |a Azhar Harun | |
| 245 | 1 | 0 | |a Metodologi pendidikan : |b Ekonomi dan sains sosial |c Azhar Harun |
| 260 | |a Singapore : |b Thomson Asia Pte Ltd , |c 2004 | ||
| 300 | |a vp : |b 183p ; |c 25cm. | ||
| 650 | 0 | 0 | |a Economics |x Methodology |
| 700 | 0 | |a Nawi Abdullah | |
| 999 | |a 0000014875 |b BOOK |c Open Shelf |e Default branch | ||